[Event "Niedersachsen-ch open"]
[Site "Verden"]
[Date "2010.01.05"]
[Round "5.8"]
[White "Koop, Thorben"]
[Black "Kaphle, Stephan"]
[Result "1/2-1/2"]
[WhiteElo "1740"]
[BlackElo "2175"]
[PlyCount "91"]
[EventDate "2010.01.03"]
[EventType "swiss"]
[EventRounds "7"]
[EventCountry "GER"]
[SourceTitle "EXT 2012"]
[Source "ChessBase"]
[SourceDate "2011.11.24"]
[SourceVersion "1"]
[SourceVersionDate "2011.11.24"]
[SourceQuality "1"]

1. e4 c5 2. Nf3 d6 3. d4 cxd4 4. Nxd4 Nf6 5. Nc3 a6 6. f3 e5 7. Nb3 Be6 8. Be3 Be7 9. Qd2 0-0 10. 0-0-0 Nbd7 11. g4 b5 12. g5 b4 13. Ne2 Ne8 14. f4 a5 15. f5 a4 16. Nbd4 exd4 17. Nxd4 b3 18. Kb1 bxc2+ 19. Nxc2 Bxa2+ 20. Kxa2 Ne5 21. Be2 Nc7 22. Na3 Qb8 23. Rc1 Na6 24. Nb5 Nc5 25. Qd5 Ra5 26. f6 gxf6 27. gxf6 Bxf6 28. Bxc5 dxc5 29. Qxc5 Rd8 30. Rhd1 Rxd1 31. Rxd1 Ra6 32. Rg1+ Ng6 33. Re1 Re6 34. Bc4 Qxh2 35. Qb4 Re7 36. Re2 Qe5 37. Nd6 Rd7 38. Nf5 a3 39. Qxa3 Nf4 40. Nh6+ Kg7 41. Nf5+ Kg6 42. Re3 Ra7 43. Rg3+ Kh5 44. Bxf7+ Ng6 45. Rh3+ Kg4 46. Rg3+ 1/2-1/2

[Event "Berlin Lichtenrade op 04th"]
[Site "Berlin"]
[Date "2008.10.26"]
[Round "9"]
[White "Graf, Alexander"]
[Black "Kaphle, Stephan"]
[Result "1-0"]
[WhiteElo "2636"]
[BlackElo "2170"]
[PlyCount "111"]
[EventDate "2008.10.18"]
[EventType "swiss"]
[EventRounds "9"]
[EventCountry "GER"]
[SourceTitle "CBM 126 Extra"]
[Source "ChessBase"]
[SourceDate "2008.11.05"]
[SourceVersion "1"]
[SourceVersionDate "2008.11.05"]
[SourceQuality "1"]

1. c4 Nf6 2. Nf3 c5 3. Nc3 Nc6 4. e3 g6 5. d4 cxd4 6. exd4 d5 7. cxd5 Nxd5 8. Qb3 Nxc3 9. Bc4 Nd5 10. Bxd5 e6 11. Bxc6+ bxc6 12. 0-0 Qd5 13. Qc3 Bg7 14. Bf4 0-0 15. Rfc1 Rd8 16. Qe1 Qf5 17. Qe3 Bb7 18. h3 c5 19. Rxc5 Bxd4 20. Qxd4 Rxd4 21. Rxf5 Bxf3 22. Be3 gxf5 23. Bxd4 Bd5 24. a3 a5 25. Rc1 a4 26. Rc3 Kf8 27. Bf6 f4 28. f3 Rb8 29. Rc2 h5 30. Be5 Rd8 31. Rc5 Kg8 32. Bxf4 Kg7 33. Kf2 Kg6 34. Be5 Kf5 35. Bc3 Rg8 36. Rb5 Rd8 37. Ke3 Kg6 38. Rb4 Bb3 39. Rf4 f5 40. Rb4 Rg8 41. Kf4 Kh6 42. g3 Rd8 43. Ke3 Kg6 44. Rb7 Kh6 45. Rf7 Rg8 46. Rf6+ Kh7 47. Kf4 Bd5 48. Be5 Bb3 49. g4 hxg4 50. fxg4 fxg4 51. hxg4 Rc8 52. Kg5 Rc4 53. Rh6+ Kg8 54. Kf6 Re4 55. g5 Re1 56. g6 1-0

[Event "Berlin Lichtenrade op 04th"]
[Site "Berlin"]
[Date "2008.10.23"]
[Round "6"]
[White "Dauth, Benjamin"]
[Black "Kaphle, Stephan"]
[Result "0-1"]
[WhiteElo "2266"]
[BlackElo "2170"]
[PlyCount "86"]
[EventDate "2008.10.18"]
[EventType "swiss"]
[EventRounds "9"]
[EventCountry "GER"]
[SourceTitle "CBM 126 Extra"]
[Source "ChessBase"]
[SourceDate "2008.11.05"]
[SourceVersion "1"]
[SourceVersionDate "2008.11.05"]
[SourceQuality "1"]

1. e4 c5 2. c3 Nf6 3. e5 Nd5 4. d4 cxd4 5. Qxd4 e6 6. Nf3 Nc6 7. Qe4 f5 8. exf6 Nxf6 9. Qh4 e5 10. Bd3 e4 11. Bxe4 Qe7 12. 0-0 Nxe4 13. Re1 Qxh4 14. Nxh4 d5 15. f3 Bc5+ 16. Be3 Be7 17. fxe4 Bxh4 18. g3 Bf6 19. exd5 Ne7 20. d6 Nf5 21. Bxa7+ Kf7 22. Bc5 Ra6 23. Na3 Nxd6 24. Nc2 Nc4 25. Nb4 Ra5 26. Bd4 Nxb2 27. Re2 Na4 28. Rf1 Bh3 29. Rf4 Re8 30. Rxe8 Kxe8 31. Bxf6 gxf6 32. Rxf6 Rf5 33. Rxf5 Bxf5 34. Kf2 Nxc3 35. Ke3 Be6 36. Kd4 Nxa2 37. Nd3 b6 38. Nf4 Bf7 39. Nd3 Ke7 40. Ke5 Bc4 41. Nb2 b5 42. g4 Be2 43. g5 Nc3 0-1

[Event "Berlin Lichtenrade op 04th"]
[Site "Berlin"]
[Date "2008.10.19"]
[Round "2"]
[White "Gremm, Albert Juergen"]
[Black "Kaphle, Stephan"]
[Result "0-1"]
[WhiteElo "1947"]
[BlackElo "2170"]
[PlyCount "66"]
[EventDate "2008.10.18"]
[EventType "swiss"]
[EventRounds "9"]
[EventCountry "GER"]
[SourceTitle "CBM 126 Extra"]
[Source "ChessBase"]
[SourceDate "2008.11.05"]
[SourceVersion "1"]
[SourceVersionDate "2008.11.05"]
[SourceQuality "1"]

1. Nc3 c5 2. Nf3 Nf6 3. e4 d6 4. Bc4 e6 5. d3 a6 6. a4 Be7 7. 0-0 Nc6 8. Bg5 0-0 9. Qd2 Rb8 10. Ba2 b5 11. axb5 axb5 12. Bb3 Na5 13. Ba2 b4 14. Ne2 b3 15. Bb1 bxc2 16. Qxc2 h6 17. Bh4 e5 18. d4 Nb3 19. Ra3 Nxd4 20. Nexd4 cxd4 21. Nxd4 exd4 22. e5 g6 23. Rg3 Ng4 24. Bxe7 Qxe7 25. exd6 Qxd6 26. Qd2 Kg7 27. f4 Qc5 28. Rc1 Qb6 29. Bd3 Qxb2 30. Bc2 Ne3 31. Rb1 Qxb1+ 32. Bxb1 Rxb1+ 33. Kf2 Rf1+ 0-1

[Event "EU-chT U18 8th"]
[Site "Szeged"]
[Date "2008.06.21"]
[Round "7"]
[White "Kaphle, Stephan"]
[Black "Plaskan, Jure"]
[Result "1/2-1/2"]
[WhiteElo "2136"]
[BlackElo "2149"]
[PlyCount "108"]
[EventDate "2008.06.14"]
[EventType "team-swiss"]
[EventRounds "7"]
[EventCountry "HUN"]
[SourceTitle "EXT 2020"]
[Source "ChessBase"]
[SourceDate "2019.10.17"]
[SourceVersion "1"]
[SourceVersionDate "2019.10.17"]
[SourceQuality "1"]
[WhiteTeam "Germany U18 II"]
[BlackTeam "Slovenia U18"]
[WhiteTeamCountry "GER"]
[BlackTeamCountry "SLO"]

1. e4 c5 2. Nf3 d6 3. d4 cxd4 4. Nxd4 Nf6 5. Nc3 a6 6. Be3 e5 7. Nf3 Be7 8. Bc4 0-0 9. 0-0 Qc7 10. Bb3 b5 11. Bg5 Nbd7 12. Nd5 Qd8 13. Nxe7+ Qxe7 14. Nh4 Nb6 15. Qf3 Kh8 16. Rfd1 Nc4 17. Bxc4 bxc4 18. Bxf6 gxf6 19. g3 Rg8 20. Rd2 Rb8 21. Qa3 Be6 22. b3 Qb7 23. Re1 d5 24. exd5 Bxd5 25. Qd6 Be6 26. Nf5 Qb4 27. Red1 c3 28. Rd3 Rb6 29. Qxb4 Rxb4 30. Nd6 Bg4 31. Re1 Kg7 32. f3 Be6 33. Rxc3 Rd8 34. Ne4 Bf5 35. Rc6 Bxe4 36. Rxe4 a5 37. Re2 Rd1+ 38. Kf2 a4 39. c3 Rb5 40. b4 Rc1 41. g4 a3 42. Kg3 Rxb4 43. cxb4 Rxc6 44. Re3 Rb6 45. Rxa3 Rxb4 46. Ra8 Rb2 47. h3 h6 48. a4 Ra2 49. a5 Kh7 50. a6 Kg7 51. h4 Kh7 52. Kh3 Kg7 53. Kg3 Kh7 54. a7 Kg7 1/2-1/2

[Event "EU-chT U18 8th"]
[Site "Szeged"]
[Date "2008.06.17"]
[Round "4"]
[White "Mazur, Stefan"]
[Black "Kaphle, Stephan"]
[Result "1-0"]
[WhiteElo "2180"]
[BlackElo "2136"]
[PlyCount "63"]
[EventDate "2008.06.14"]
[EventType "team-swiss"]
[EventRounds "7"]
[EventCountry "HUN"]
[SourceTitle "EXT 2020"]
[Source "ChessBase"]
[SourceDate "2019.10.17"]
[SourceVersion "1"]
[SourceVersionDate "2019.10.17"]
[SourceQuality "1"]
[WhiteTeam "Slovakia U18"]
[BlackTeam "Germany U18 II"]
[WhiteTeamCountry "SVK"]
[BlackTeamCountry "GER"]

1. e4 c5 2. Nf3 d6 3. d4 cxd4 4. Nxd4 Nf6 5. Nc3 a6 6. f4 Qc7 7. Bd3 g6 8. 0-0 Bg7 9. Nf3 Nbd7 10. Qe1 b5 11. e5 dxe5 12. fxe5 Ng4 13. Qe4 Qa7+ 14. Kh1 Nc5 15. Qe1 0-0 16. h3 Nxd3 17. cxd3 Nh6 18. Bxh6 Bxh6 19. Qh4 Bg7 20. Nd5 f6 21. Nd4 Qb7 22. Nc6 Bf5 23. Ncxe7+ Kh8 24. Rxf5 gxf5 25. Ng6+ Kg8 26. Nde7+ Kf7 27. Qxh7 Rfd8 28. e6+ Kxe6 29. Qxg7 Rab8 30. Re1+ Kd7 31. Nd5+ Kc6 32. Qxf6+ 1-0

[Event "GER-ch Net qual3 U18"]
[Site "Playchess.com INT"]
[Date "2008.06.08"]
[Round "6"]
[White "Kahleys, Kevin"]
[Black "Kaphle, Stephan"]
[Result "1/2-1/2"]
[WhiteElo "1955"]
[BlackElo "2139"]
[PlyCount "102"]
[EventDate "2008.06.08"]
[EventType "swiss (blitz)"]
[EventRounds "7"]
[EventCountry "GER"]
[SourceTitle "CBM 124 Extra"]
[Source "ChessBase"]
[SourceDate "2008.07.03"]
[SourceVersion "1"]
[SourceVersionDate "2008.07.03"]
[SourceQuality "1"]

1. d4 Nf6 2. c4 c5 3. Nf3 cxd4 4. Nxd4 e5 5. Nc2 d5 6. cxd5 Qxd5 7. Qxd5 Nxd5 8. e4 Nb6 9. Nc3 Be6 10. Be3 N8d7 11. Nb5 Kd8 12. b3 Bc5 13. Rd1 Ke7 14. Nc7 Rac8 15. Nxe6 Kxe6 16. Bb5 Rhd8 17. 0-0 a6 18. Bxd7+ Nxd7 19. Bxc5 Nxc5 20. Rxd8 Rxd8 21. f3 Rd2 22. Rf2 Rxf2 23. Kxf2 Nd3+ 24. Ke3 Nc1 25. b4 Nxa2 26. Kd3 b5 27. g3 f6 28. h4 Nc1+ 29. Kd2 Nb3+ 30. Kc3 Nc1 31. Kd2 Na2 32. Kd3 h5 33. g4 g6 34. Kd2 f5 35. exf5+ gxf5 36. gxh5 Kf6 37. Ne3 Nxb4 38. Kc3 a5 39. h6 Kg6 40. h7 Kxh7 41. Nxf5 Kg6 42. Nd6 Nd5+ 43. Kd3 b4 44. Nc4 Kf5 45. Nxa5 Kf4 46. Kc4 Ne3+ 47. Kxb4 Kxf3 48. h5 Nf5 49. Nc4 Kf4 50. Nxe5 Kxe5 51. h6 Nxh6 1/2-1/2

[Event "GER-ch Net qual1 U18"]
[Site "Playchess.com INT"]
[Date "2008.06.01"]
[Round "4"]
[White "Pogan, Nikolas"]
[Black "Kaphle, Stephan"]
[Result "1/2-1/2"]
[WhiteElo "1969"]
[BlackElo "2139"]
[PlyCount "119"]
[EventDate "2008.06.01"]
[EventType "swiss (blitz)"]
[EventRounds "7"]
[EventCountry "GER"]
[SourceTitle "CBM 124 Extra"]
[Source "ChessBase"]
[SourceDate "2008.07.03"]
[SourceVersion "1"]
[SourceVersionDate "2008.07.03"]
[SourceQuality "1"]

1. e4 c5 2. Nf3 d6 3. c3 Nf6 4. h3 Nc6 5. Bd3 e5 6. Bc2 Be7 7. d3 0-0 8. Nbd2 b5 9. Nf1 c4 10. d4 exd4 11. Nxd4 Bb7 12. Nxb5 Qb6 13. Na3 Ne5 14. Ne3 Nxe4 15. 0-0 Rac8 16. Nd5 Bxd5 17. Qxd5 Nf6 18. Qb5 d5 19. Qxb6 axb6 20. Nb5 Bc5 21. Nd4 Bxd4 22. cxd4 Nc6 23. Be3 Nb4 24. Bf5 Ra8 25. a3 g6 26. Bb1 Nc6 27. Bc2 b5 28. Rfd1 b4 29. axb4 Nxb4 30. Rxa8 Rxa8 31. Bb1 Ra1 32. Bd2 Nd3 33. Bc3 Ne4 34. f3 Nxc3 35. bxc3 Nb2 36. Rf1 Na4 37. Bc2 Rxf1+ 38. Kxf1 Nxc3 39. Kf2 Kf8 40. Ke3 Ke7 41. Kd2 Nb5 42. Ke3 Ke6 43. g4 f6 44. f4 h6 45. f5+ gxf5 46. Bxf5+ Kd6 47. Bc2 Kc6 48. Bg6 Nd6 49. Bh7 Kb5 50. Bg8 Kb4 51. Bxd5 Kc3 52. Bg8 Kb2 53. Bh7 c3 54. Bd3 c2 55. Bxc2 Kxc2 56. h4 Kc3 57. Kf4 Kxd4 58. g5 fxg5+ 59. hxg5 hxg5+ 60. Kxg5 1/2-1/2

[Event "GER-ch U16"]
[Site "Willingen"]
[Date "2008.05.17"]
[Round "9"]
[White "Kaphle, Stephan"]
[Black "Gruenter, Martin"]
[Result "1-0"]
[WhiteElo "2136"]
[BlackElo "2040"]
[PlyCount "93"]
[EventDate "2008.05.11"]
[EventType "swiss"]
[EventRounds "9"]
[EventCountry "GER"]
[SourceTitle "CBM 124 Extra"]
[Source "ChessBase"]
[SourceDate "2008.07.03"]
[SourceVersion "1"]
[SourceVersionDate "2008.07.03"]
[SourceQuality "1"]

1. Nf3 c5 2. g3 b6 3. Bg2 Bb7 4. 0-0 g6 5. d3 Bg7 6. Nbd2 Nf6 7. e4 d6 8. Nh4 Nbd7 9. f4 e5 10. Nc4 Qc7 11. Ne3 b5 12. f5 g5 13. Nf3 h6 14. Qe2 Ke7 15. Bd2 a5 16. h4 g4 17. Nh2 h5 18. Rfe1 Bh6 19. Nhf1 Bc6 20. Kh2 Qb7 21. a3 b4 22. axb4 axb4 23. Rxa8 Qxa8 24. c3 bxc3 25. Bxc3 Qa6 26. Nc4 Bb5 27. Rd1 Nb6 28. b3 Bxc4 29. dxc4 Qb7 30. Qd3 Nc8 31. Rb1 Rd8 32. Ne3 Bxe3 33. Qxe3 Nb6 34. Rd1 Qc7 35. Bd2 Nbd7 36. Bc1 Rb8 37. Rd3 Ra8 38. Qh6 Ra2 39. Bg5 Qb7 40. Re3 Rb2 41. Qxh5 Qb4 42. Qxg4 Qd2 43. Qf3 Rb1 44. Rd3 Qe1 45. Qe3 Kf8 46. Kh3 Qxe3 47. Bxe3 1-0

[Event "GER-ch U16"]
[Site "Willingen"]
[Date "2008.05.16"]
[Round "8"]
[White "Graf, Felix"]
[Black "Kaphle, Stephan"]
[Result "1-0"]
[WhiteElo "2225"]
[BlackElo "2136"]
[PlyCount "69"]
[EventDate "2008.05.11"]
[EventType "swiss"]
[EventRounds "9"]
[EventCountry "GER"]
[SourceTitle "CBM 124 Extra"]
[Source "ChessBase"]
[SourceDate "2008.07.03"]
[SourceVersion "1"]
[SourceVersionDate "2008.07.03"]
[SourceQuality "1"]

1. e4 c5 2. Nf3 Nc6 3. Nc3 g6 4. d4 cxd4 5. Nxd4 Bg7 6. Be3 Nf6 7. Be2 0-0 8. Nb3 d6 9. 0-0 a6 10. f4 b5 11. Bf3 Qc7 12. Qd2 Bb7 13. Nd5 Nxd5 14. exd5 Nb8 15. c3 Nd7 16. Qf2 Rac8 17. Rad1 a5 18. Nd4 Qc4 19. Nc6 Bxc6 20. dxc6 Nf6 21. b3 Qe6 22. Bb6 Ne4 23. Qe3 d5 24. c4 bxc4 25. bxc4 Nc3 26. Qxe6 fxe6 27. c7 Nxd1 28. Bxd1 Bd4+ 29. Bxd4 Rxc7 30. c5 Rfc8 31. Bg4 Kf7 32. Re1 Rc6 33. Rb1 R8c7 34. Rb5 Ra6 35. a4 1-0

[Event "GER-ch U16"]
[Site "Willingen"]
[Date "2008.05.15"]
[Round "7"]
[White "Kaphle, Stephan"]
[Black "Zelbel, Patrick"]
[Result "1/2-1/2"]
[WhiteElo "2136"]
[BlackElo "2246"]
[PlyCount "40"]
[EventDate "2008.05.11"]
[EventType "swiss"]
[EventRounds "9"]
[EventCountry "GER"]
[SourceTitle "CBM 124 Extra"]
[Source "ChessBase"]
[SourceDate "2008.07.03"]
[SourceVersion "1"]
[SourceVersionDate "2008.07.03"]
[SourceQuality "1"]

1. e4 c5 2. Nf3 d6 3. d4 cxd4 4. Nxd4 Nf6 5. Nc3 a6 6. Be3 e5 7. Nf3 Be7 8. Bc4 0-0 9. 0-0 Be6 10. Qe2 Qc7 11. Bb3 Nc6 12. Rfd1 Rac8 13. Ng5 Bxb3 14. axb3 Nd8 15. Nf3 Ne6 16. Nh4 g6 17. g3 Qb8 18. Ng2 Rfe8 19. Qd3 Bf8 20. f3 Rc6 1/2-1/2

[Event "Bargteheide op"]
[Site "Bargteheide"]
[Date "2008.05.03"]
[Round "5"]
[White "Kaphle, Stephan"]
[Black "Wronn, Bernd"]
[Result "0-1"]
[WhiteElo "2136"]
[BlackElo "2242"]
[PlyCount "70"]
[EventDate "2008.05.01"]
[EventType "swiss"]
[EventRounds "7"]
[EventCountry "GER"]
[SourceTitle "CBM 124 Extra"]
[Source "ChessBase"]
[SourceDate "2008.07.03"]
[SourceVersion "1"]
[SourceVersionDate "2008.07.03"]
[SourceQuality "1"]

1. e4 c6 2. Nf3 d5 3. exd5 cxd5 4. Ne5 Nd7 5. d4 g6 6. Bd3 Bg7 7. Qe2 Nh6 8. 0-0 0-0 9. Bxh6 Bxh6 10. c3 Nxe5 11. dxe5 Qb6 12. Na3 a6 13. Rab1 d4 14. c4 Qa5 15. Nc2 Qxa2 16. Nxd4 Qa5 17. e6 f5 18. Bc2 Qb6 19. Rfd1 Bg7 20. c5 Qxc5 21. Nf3 Qb6 22. b4 Bxe6 23. Ng5 Ba2 24. Bb3+ Bxb3 25. Rxb3 Rad8 26. Re1 Rd4 27. Qa2 e6 28. Rbe3 Rxb4 29. Rxe6 Rb2 30. Qd5 Qxf2+ 31. Kh1 Qd2 32. Rd6+ Qxd5 33. Rxd5 h6 34. Ne6 Re8 35. Rd7 Rxe6 0-1

[Event "Oberliga Nord W 0708"]
[Site "Germany"]
[Date "2008.03.09"]
[Round "7.4"]
[White "Schmidt, Christian"]
[Black "Kaphle, Stephan"]
[Result "1-0"]
[WhiteElo "2174"]
[BlackElo "2156"]
[PlyCount "61"]
[EventDate "2007.10.21"]
[EventType "team-tourn"]
[EventRounds "9"]
[EventCountry "GER"]
[SourceTitle "EXT 2009"]
[Source "ChessBase"]
[SourceDate "2008.11.26"]
[SourceVersion "1"]
[SourceVersionDate "2008.11.26"]
[SourceQuality "1"]
[WhiteTeam "Bremen"]
[BlackTeam "Uelzen Post"]
[WhiteTeamCountry "GER"]
[BlackTeamCountry "GER"]

1. d4 Nf6 2. Bg5 e6 3. e4 h6 4. Bxf6 Qxf6 5. Nc3 Bb4 6. Qd2 d5 7. e5 Qd8 8. a3 Be7 9. f4 c5 10. Nf3 Nc6 11. dxc5 Bxc5 12. Bd3 a6 13. g3 0-0 14. Kf1 f6 15. Kg2 fxe5 16. fxe5 Qc7 17. Rae1 b5 18. Rhf1 Bb7 19. Qe2 Rae8 20. Bg6 Rc8 21. Ng5 Qe7 22. Nh7 d4 23. Ne4 Rxf1 24. Rxf1 Nxe5 25. Qh5 Nxg6 26. Qxg6 Kh8 27. Kh3 Rg8 28. Neg5 hxg5 29. Nxg5 Qxg5 30. Qxg5 Rc8 31. Qh5+ 1-0

[Event "Berlin Hellersdorf Winter 5th"]
[Site "Berlin"]
[Date "2008.02.02"]
[Round "3.9"]
[White "Kaphle, Stephan"]
[Black "Grassi, Fabrizio"]
[Result "1/2-1/2"]
[WhiteElo "2139"]
[BlackElo "1941"]
[PlyCount "82"]
[EventDate "2008.02.01"]
[EventType "swiss"]
[EventRounds "5"]
[EventCountry "GER"]
[SourceTitle "EXT 2022"]
[Source "ChessBase"]
[SourceDate "2021.10.06"]
[SourceVersion "1"]
[SourceVersionDate "2021.10.06"]
[SourceQuality "1"]

1. e4 d5 2. exd5 Nf6 3. d4 Nxd5 4. c4 Nb6 5. Nc3 e5 6. Qe2 Qxd4 7. Nf3 Qc5 8. Be3 Qa5 9. Bd2 Bb4 10. Qxe5+ Qxe5+ 11. Nxe5 Be6 12. b3 f6 13. Nd3 Nc6 14. Nxb4 Nxb4 15. 0-0-0 0-0-0 16. Nb5 Nc6 17. Be2 a6 18. Nc3 Nd4 19. Be3 Nxe2+ 20. Nxe2 Rxd1+ 21. Rxd1 Rd8 22. Nd4 Bf7 23. Re1 g6 24. Kc2 Re8 25. Nf3 Nd7 26. Rd1 Ne5 27. Nxe5 Rxe5 28. Kc3 Re7 29. Rd2 Rd7 30. Bd4 f5 31. Re2 Kd8 32. Be3 c6 33. Bf4 c5 34. Re5 b6 35. a4 a5 36. f3 Rd4 37. Bg5+ Kc7 38. Re7+ Rd7 39. Rxd7+ Kxd7 40. Be3 Be6 41. Bf4 Kc6 1/2-1/2

[Event "Niedersachsen-ch M"]
[Site "Verden"]
[Date "2008.01.02"]
[Round "2"]
[White "Guennigmann, Manuel"]
[Black "Kaphle, Stephan"]
[Result "1/2-1/2"]
[WhiteElo "1945"]
[BlackElo "2147"]
[PlyCount "95"]
[EventDate "2008.01.02"]
[EventType "swiss"]
[EventRounds "9"]
[EventCountry "GER"]
[SourceTitle "CBM 122 Extra"]
[Source "ChessBase"]
[SourceDate "2008.03.04"]
[SourceVersion "1"]
[SourceVersionDate "2008.03.04"]
[SourceQuality "1"]

1. e4 c5 2. Nf3 d6 3. d4 cxd4 4. Nxd4 Nf6 5. Nc3 a6 6. f3 e5 7. Nb3 Be6 8. Be3 Nbd7 9. g4 Nb6 10. g5 Nh5 11. Qd2 Be7 12. 0-0-0 0-0 13. Rg1 Rc8 14. Nd5 Nxd5 15. exd5 Bf5 16. Bd3 Bxd3 17. Qxd3 b5 18. Kb1 Rc4 19. Qd2 Ra4 20. Rg4 Qd7 21. Rxa4 bxa4 22. Na5 Re8 23. Nc6 Bf8 24. Qb4 e4 25. f4 g6 26. Rf1 Qh3 27. Qe1 Ng7 28. Nd4 Nf5 29. Nxf5 Qxf5 30. Qd2 Rb8 31. Rd1 Bg7 32. c3 Rb5 33. a3 Qc8 34. Ka1 Qc4 35. h4 Qb3 36. Rc1 Rxd5 37. Qe2 Rd3 38. Qe1 a5 39. h5 d5 40. h6 Bf8 41. Qe2 Qc4 42. Qf2 Bd6 43. Kb1 Qc8 44. Re1 Qb8 45. Ka1 Qb3 46. Qe2 Qb8 47. Qf2 Qb3 48. Qe2 1/2-1/2

[Event "Niedersachsen-ch M"]
[Site "Verden"]
[Date "2008.01.02"]
[Round "1"]
[White "Kaphle, Stephan"]
[Black "Plischki, Sebastian"]
[Result "0-1"]
[WhiteElo "2147"]
[BlackElo "2357"]
[PlyCount "80"]
[EventDate "2008.01.02"]
[EventType "swiss"]
[EventRounds "9"]
[EventCountry "GER"]
[SourceTitle "CBM 122 Extra"]
[Source "ChessBase"]
[SourceDate "2008.03.04"]
[SourceVersion "1"]
[SourceVersionDate "2008.03.04"]
[SourceQuality "1"]

1. e4 c5 2. Nf3 e6 3. d4 cxd4 4. Nxd4 Nc6 5. Nxc6 bxc6 6. Bd3 d5 7. 0-0 Nf6 8. Nc3 Be7 9. Qe2 0-0 10. Bd2 a5 11. Bg5 a4 12. b3 Qa5 13. Bd2 Bb4 14. Qe1 axb3 15. axb3 Qxa1 16. Qxa1 Rxa1 17. Rxa1 Bxc3 18. Bxc3 dxe4 19. Bc4 Nd5 20. Bxd5 cxd5 21. Ra8 Bd7 22. Rxf8+ Kxf8 23. Bd4 Bb5 24. c3 f6 25. f3 exf3 26. gxf3 e5 27. Bc5+ Kf7 28. Kf2 Ke6 29. Ke3 g5 30. Bf8 f5 31. Kf2 f4 32. Bc5 h5 33. c4 dxc4 34. bxc4 Bxc4 35. h3 Bd5 36. Bb6 Kf5 37. Ke2 e4 38. fxe4+ Bxe4 39. Bg1 Bg2 40. h4 g4 0-1

[Event "GER-chT U16"]
[Site "Uelzen"]
[Date "2007.12.30"]
[Round "7.1"]
[White "Kaphle, Stephan"]
[Black "Seyb, Alexander"]
[Result "1/2-1/2"]
[WhiteElo "2147"]
[BlackElo "2235"]
[PlyCount "87"]
[EventDate "2007.12.27"]
[EventType "team-swiss"]
[EventRounds "7"]
[EventCountry "GER"]
[SourceTitle "EXT 2022"]
[Source "ChessBase"]
[SourceDate "2021.10.06"]
[SourceVersion "1"]
[SourceVersionDate "2021.10.06"]
[SourceQuality "1"]
[WhiteTeam "Uelzen Post U16"]
[BlackTeam "Grossenseebach U16"]
[WhiteTeamCountry "GER"]
[BlackTeamCountry "GER"]

1. e4 c5 2. Nf3 d6 3. d4 cxd4 4. Nxd4 Nf6 5. Nc3 a6 6. f4 e5 7. Nf3 Nbd7 8. Bd3 Be7 9. a4 0-0 10. 0-0 exf4 11. Kh1 Ne5 12. Bxf4 Bg4 13. Qd2 Rc8 14. Be3 Nxd3 15. Qxd3 Qc7 16. Nd4 Qc4 17. Nf5 Bxf5 18. Rxf5 Qxd3 19. cxd3 Ng4 20. Nd5 Nxe3 21. Nxe7+ Kh8 22. Nxc8 Nxf5 23. Rc1 Nh6 24. Nxd6 Rd8 25. e5 g6 26. Rc8 Rxc8 27. Nxc8 Kg7 28. Nd6 b6 29. Kg1 Kf8 30. h3 Ke7 31. Kf2 Ke6 32. Nc4 b5 33. axb5 axb5 34. Na3 b4 35. Nc2 b3 36. Nd4+ Kxe5 37. Nxb3 Nf5 38. Nd2 Kd4 39. Nf3+ Kxd3 40. Ne5+ Kc2 41. Nxf7 Kxb2 42. Ng5 Kc3 43. Nxh7 Kd4 44. g4 1/2-1/2

[Event "Oberliga Nord W 0708"]
[Site "Germany"]
[Date "2007.11.25"]
[Round "3.3"]
[White "Kaphle, Stephan"]
[Black "Bierenbroodspot, Paul"]
[Result "1-0"]
[WhiteElo "2156"]
[BlackElo "2249"]
[PlyCount "89"]
[EventDate "2007.10.21"]
[EventType "team-tourn"]
[EventRounds "9"]
[EventCountry "GER"]
[SourceTitle "EXT 2009"]
[Source "ChessBase"]
[SourceDate "2008.11.26"]
[SourceVersion "1"]
[SourceVersionDate "2008.11.26"]
[SourceQuality "1"]
[WhiteTeam "Uelzen Post"]
[BlackTeam "Nordhorn Blanke"]
[WhiteTeamCountry "GER"]
[BlackTeamCountry "GER"]

1. e4 e5 2. Nf3 Nc6 3. Bb5 a6 4. Ba4 Nf6 5. 0-0 Be7 6. Re1 b5 7. Bb3 d6 8. c3 Bg4 9. h3 Bh5 10. d3 Na5 11. Bc2 c5 12. Nbd2 0-0 13. Nf1 h6 14. Ng3 Bg6 15. Nh4 Nh7 16. Nxg6 fxg6 17. a3 Bg5 18. b4 Nc6 19. Nf1 Qf6 20. Qe2 Bh4 21. Be3 cxb4 22. axb4 Ng5 23. Bb3+ Kh7 24. Bd5 Rac8 25. Nh2 h5 26. Rf1 Ne7 27. c4 Nc6 28. Qb2 Ne7 29. Qe2 Nc6 30. Qb2 Ne7 31. Qb3 Nxd5 32. exd5 e4 33. Rxa6 bxc4 34. dxc4 Qe5 35. Ra2 Rf5 36. b5 Rcf8 37. Rb2 Qf6 38. b6 Bg3 39. Bxg5 Bxh2+ 40. Kxh2 Rxg5 41. Rbb1 Qe5+ 42. Kh1 Qd4 43. Qe3 Qxe3 44. fxe3 Rb8 45. Rf7 1-0

[Event "Hamburg HSK Talente Meister"]
[Site "Hamburg"]
[Date "2007.10.23"]
[Round "2"]
[White "Kaphle, Stephan"]
[Black "Bodnar, Alexander"]
[Result "1-0"]
[WhiteElo "2147"]
[BlackElo "2358"]
[PlyCount "43"]
[EventDate "2007.10.22"]
[EventType "schev"]
[EventRounds "6"]
[EventCountry "GER"]
[SourceTitle "EXT 2022"]
[Source "ChessBase"]
[SourceDate "2021.10.06"]
[SourceVersion "1"]
[SourceVersionDate "2021.10.06"]
[SourceQuality "1"]

1. e4 e5 2. Nf3 Nc6 3. Bb5 a6 4. Ba4 Nf6 5. 0-0 Be7 6. Re1 b5 7. Bb3 0-0 8. d4 Nxd4 9. Nxd4 exd4 10. e5 Ne8 11. Qxd4 c5 12. Qe4 Nc7 13. c4 f5 14. exf6 Bxf6 15. cxb5+ d5 16. b6 Bd4 17. bxc7 Bxf2+ 18. Kh1 Qxc7 19. Bxd5+ Kh8 20. Bxa8 Qf7 21. Rf1 Bf5 22. Qf3 1-0